Quizz Culture G - Statistics

General Stats
  • This quiz has been taken 346 times
  • The average score is 5 of 12
Answer Stats
Question Answer % Correct
Quel couple emblématique des Marseillais s'est récemment séparé ? Thibault et Jessica
83%
Quel est le nom de la pizzeria fondée par Julien Tanti ? Les Fratés
56%
Quel maillot porte le leader du classement général du tour de France ? jaune
53%
Quelle émission de Télé réalité faisait s'affronter sur une île des couples célèbres ? Les Apprentis aventuriers de Moundir
52%
Quel couple emblématique des Marseillais s'est marié sur des éléphants ? Paga et Adixia
46%
Quel aventurier de Koh Lanta a déclaré : "Putain je pensais que j'étais con mais je le suis pas " Laurent
36%
Sur quel score s'est conclu le quart de final de ligue des champions 202O entre le Barça et le Bayern 2-8
35%
Quel aventurier de Koh Lanta a éteint le feu lors de la saison de 2020 ? Joseph
33%
Quel chef a été exclu du jury de Top Chef ? Michel Sarran
30%
Qui a fini meilleur marqueur d'essai lors de la Coupe du monde de rugby 2015 ? Julian Savea
23%
Quel aventurier de Koh Lanta a déclaré : "Wesh c'est le daron, c'est le chef de la famille" Meissa
9%
Qui dit "Le mec à Milla c'est moi" Nacca
8%
No matching quizzes found
Score Distribution
Percent of People with Each Score
Percentile by Number Answered
Your Score History
You have not taken this quiz